00516 2200193 4500001002100000005001500021035002000036245006900056100001800125300001200143700002400155260003400179082000800213084001400221020002200235008004100257990001200298990001200310INLIS00000000000149420250912012817 a0010-11240000171 aBuku Siswa Biologi 3 Peminatan ( Edisi Revisi ) /cSri Pujiyanto0 aSri Pujiyanto a276 hlm0 aRejeki Siti Ferniah aSolo :bTiga Serangkai,c2016 a574 a574 SRI b a978-602-257-391-3250912 0  a0739592 a0739593